000 00729nam a2200217Ia 4500
008 220216s9999 xx 000 0 und d
100 _aSobhana P.
245 0 _aCan difference in the genetics between the rootstock and scion lead to tapping panel dryness syndrome
260 _bProceedings of IRRDB Symposium 1999, Hainan, Peoples' Republic of China (Eds. Chen Qiubo and Zhou Jiannan). Hainan Publishing House, China, pp. 331-336
_c1999
650 _aBudding
650 _aGenetic diversity
650 _aRoot stock
650 _aScion
650 _aTapping panel dryness
700 _aJacob J.[a]
700 _aKrishnakumar R.
700 _aSaha T.
700 _aSreena A.S.
700 _aThomas M.
942 _cBS
999 _c52921
_d52921